Normal view
MARC view
- سياسيون سوريون- عالم عربي- تاريخ، اكرم الحوراني 1914-1996
Entry Topical Term
001 - CONTROL NUMBER
- control field: 13704
003 - CONTROL NUMBER IDENTIFIER
- control field: JO-AjAnu
005 - DATE AND TIME OF LATEST TRANSACTION
- control field: 20230606072506.0
008 - FIXED-LENGTH DATA ELEMENTS
- fixed length control field: 230606|| aca||aabn | a|a d
040 ## - CATALOGING SOURCE
- Original cataloging agency: JO-AjAnu
- Transcribing agency: JO-AjAnu
150 ## - HEADING--TOPICAL TERM
- Topical term or geographic name entry element: سياسيون سوريون- عالم عربي- تاريخ، اكرم الحوراني 1914-1996
670 ## - SOURCE DATA FOUND
- Source citation: Work cat.: (JO-AjAnu)7048: تاليف حمدان، حمدان, author 13703, أكرم الحوراني رجل التاريخ